| 000 | 01378nam a22002297a 4500 | ||
|---|---|---|---|
| 999 |
_c64013 _d64013 |
||
| 005 | 20210325205634.0 | ||
| 008 | s2552 th tha d | ||
| 020 | _a9789746724753 | ||
| 040 | _aNALT | ||
| 041 | _atha | ||
| 050 |
_aHC 443.Z65 _bค383 2552 |
||
| 100 |
_aคำศรี สิทธิวรดา _914573 |
||
| 245 | 1 | 0 |
_aความสัมพันธ์หญิง-ชาย ในการจัดการทรัพยากรและระบบนิเวศชุมชนที่กำลังเปลี่ยนแปลของลาว / _cคำศรี สิทธิวรดา. |
| 260 | 3 |
_aกรุงเทพฯ : _bศูนย์สตรีศึกษา คณะสังคมศาสตร์ มหาวิทยาลัยเชียงใหม่, _c2552 |
|
| 300 |
_a182 หน้า ; _c21 ซม. |
||
| 650 | 4 |
_aระบบนิเวศ _zลาว _xวิจัย _914574 |
|
| 650 | 4 |
_aการจัดการทรัพยากรธรรมชาติ _zลาว _xวิจัย _914576 |
|
| 650 | 0 |
_aสตรีกับการพัฒนาชนบท _zลาว _xวิจัย _914577 |
|
| 850 | _aNALT | ||
| 942 |
_cRSH _2lcc |
||
| 998 |
_j1020 _k จำเรียง ระวังสำโรง |
||